000 00759cam a2200205 i 4500
005 20251208094714.0
008 250721s2012 jo gr 000 0 ara d
020 _a9789957231934
082 1 4 _a215.17
_bا د ل
100 1 _aالإدلبي، صلاح الدين بن احمد
_eمؤلف.
245 1 0 _aعقائد الأشاعرة وجولة جديدة من الحوار /
_cبقلم صلاح الدين بن احمد لادلبي.
250 _aالطبعة الاولى.
264 3 1 _aعمان :
_bدار الفتح للدراسات و النشر،
_c2012.
300 _a269 صفحة.
650 1 7 _aالفرق الإسلامية.
650 1 7 _aالأشاعرة.
650 1 7 _aالإسلام.
942 _2ddc
_cBK
999 _c128226
_d128226